000 00681nam a2200229Ia 4500
003 OSt
005 20220928130650.0
006 a|||||r|||| 00| 0
007 ta
008 220927b |||||||| |||| 00| 0 eng d
024 _a49364
037 _cTextual
040 _aSDCL
_cSDCL
_beng
041 _2eng
_aeng
082 _aV58:51'N2, N1
100 _aBrovkin Vladimir N
_9475344
245 0 _aDear comrades
_b Menshevik reports on the Bolshevik revolution and the civil war.
260 _aStanford
_bHoover Institution Press
_c1991
300 _axxii,275p.
_ccm.
942 _hV58:51'N2, N1
_cTEXL
_2CC
999 _c787866
_d787866